| 000 | 01374cad a22002415a 4500 | ||
|---|---|---|---|
| 001 | E147580 | ||
| 008 | 090527s2009 xxk f 000 0 eng d | ||
| 035 | _a(Sirsi) u147580 | ||
| 041 | 0 | _aeng | |
| 050 | 0 | 4 | _a333.73 $2 18 |
| 110 | 2 |
_aScottish Environment Protection Agency _93523 |
|
| 245 | 0 | 0 |
_aDealing with land contamination in Scotland _ba review of progress 2000-2008 _h[electronic resource] |
| 260 |
_a[S.l.] _bSEPA _c2009 |
||
| 505 | 2 | _aForeword -- Executive summary -- Introduction -- Overview of part IIA -- Other mechanisams for dealing with and preventing land contamination -- Progress in dealing with land contamination -- Concluding comments and next steps -- References -- Figures -- Tables | |
| 520 | _aSets out the state of contaminated land in Scotland, showing the progress made by local authorities and SEPA in implementing the regime set out in the Environmental Protection Act 1990 Part IIA. Also describes other ways through which contaminated land is dealt with, for example through development planning. | ||
| 521 | _aAdvanced | ||
| 590 | _aKA | ||
| 650 | 2 | 4 | _aENVIRONMENTAL PROTECTION ACT 1990 PART IIA |
| 651 | 4 |
_aScotland _y1999- |
|
| 690 | _aPROPERTY-RURAL AND NATURAL ASSETS-LAND-CONTAMINATED LAND | ||
| 856 | 4 | 0 |
_uhttps://www.sepa.org.uk/land/land_publications.aspx _zView the report free of charge at www.sepa.org.uk... |
| 942 | _n0 | ||
| 999 |
_c109632 _d109632 |
||